[Event "21st Czech GM Open"]
[Site "Pardubice CZE"]
[Date "2010.07.24"]
[Round "2"]
[White "Rakhmanov,Ale"]
[Black "Kjartansson,G"]
[Result "1-0"]
[WhiteElo "2590"]
[BlackElo "2384"]
[EventDate "2010.07.23"]

1. d4 Nf6 2. c4 e6 3. Nc3 Bb4 4. e3 b6 5. Bd3 Bb7 6. Nge2 Bxg2 7. Rg1 Be4
8. a3 Bxc3+ 9. Nxc3 Bxd3 10. Qxd3 Nh5 11. e4 h6 12. Be3 Nc6 13. O-O-O Qf6
14. Kb1 Rc8 15. f4 Ne7 16. Qe2 g6 17. Qg4 d6 18. d5 e5 19. fxe5 dxe5 20.
Nb5 1-0

[Event "21st Czech GM Open"]
[Site "Pardubice CZE"]
[Date "2010.07.24"]
[Round "2"]
[White "Ghaem Maghami,E"]
[Black "Hoffmann,Pau"]
[Result "1-0"]
[WhiteElo "2585"]
[BlackElo "2382"]
[EventDate "2010.07.23"]

1. d4 e6 2. Nf3 Nf6 3. c4 b6 4. g3 Ba6 5. Qa4 Bb7 6. Bg2 Be7 7. Nc3 Ne4 8.
Qc2 Nxc3 9. bxc3 f5 10. d5 O-O 11. O-O Na6 12. Nd4 Nc5 13. Rd1 Qc8 14. Ba3
g6 15. Nb3 e5 16. Bxc5 Bxc5 17. Nxc5 bxc5 18. Rab1 Rf6 19. Rb5 Rb6 20. Rxc5
d6 21. Rb5 Ba6 22. Rb4 Rab8 23. Qb3 Kg7 24. a4 e4 25. a5 R6b7 26. Qa3 Kg8
27. e3 c5 28. dxc6 Qxc6 29. Bf1 Rxb4 30. cxb4 Bxc4 31. b5 Qxb5 32. Bxc4+
Qxc4 33. Qxd6 Rf8 34. h4 Qf7 35. Qc5 Re8 36. Rd6 h5 37. Ra6 1-0

[Event "21st Czech GM Open"]
[Site "Pardubice CZE"]
[Date "2010.07.24"]
[Round "2"]
[White "Schlosser,P"]
[Black "Karavade,E"]
[Result "1-0"]
[WhiteElo "2575"]
[BlackElo "2378"]
[EventDate "2010.07.23"]

1. Nf3 Nf6 2. c4 c5 3. d4 cxd4 4. Nxd4 Nc6 5. Nc3 e6 6. a3 d5 7. cxd5 Nxd5
8. Nxc6 bxc6 9. Bd2 Be7 10. e4 Nxc3 11. Bxc3 O-O 12. Bc4 Qxd1+ 13. Kxd1
Rd8+ 14. Kc2 Bb7 15. f3 c5 16. Rhd1 Kf8 17. Be5 Rac8 18. Kc3 f6 19. Bg3 Kf7
20. Bb5 Rd4 21. Bf2 Rd6 22. Kc2 a6 23. Bc4 Rcd8 24. Rxd6 Rxd6 25. Re1 Bc8
26. f4 Ke8 27. b3 Rd8 28. g4 e5 29. f5 Bb7 30. Bg8 h6 31. Kc3 Bc6 32. Bc4
Bb7 33. Kc2 Kd7 34. Rd1+ Kc7 35. Bd5 Bxd5 36. exd5 Bd6 37. Kc3 e4 38. h3
Re8 39. Be3 Kd7 40. Kc4 Rb8 41. Bd2 Bg3 42. Be3 Bd6 43. Re1 a5 44. Bd2 Re8
45. Re2 Bc7 46. a4 Bd6 47. Bxa5 e3 48. Be1 Kc7 49. a5 Kb7 50. Kb5 Re4 51.
a6+ Ka7 52. Kc6 Bf4 53. Ba5 Rd4 54. Bb6+ Ka8 55. Bxc5 Rd2 56. Rxe3 1-0

[Event "21st Czech GM Open"]
[Site "Pardubice CZE"]
[Date "2010.07.24"]
[Round "2"]
[White "Arslanov,S"]
[Black "Grigoriants,S RUS"]
[Result "1/2-1/2"]
[WhiteElo "2377"]
[BlackElo "2566"]
[EventDate "2010.07.23"]

1. e4 e5 2. Nf3 Nc6 3. Bb5 Nf6 4. O-O Nxe4 5. d4 Nd6 6. Bxc6 dxc6 7. dxe5
Nf5 8. Qxd8+ Kxd8 9. Nc3 h6 10. Rd1+ Ke8 11. h3 Ne7 12. b3 Ng6 13. Bb2 Bf5
14. Nd4 Bd7 15. Re1 Nf4 1/2-1/2

[Event "21st Czech GM Open"]
[Site "Pardubice CZE"]
[Date "2010.07.24"]
[Round "2"]
[White "Sarkozy,L"]
[Black "Maslak,K"]
[Result "0-1"]
[WhiteElo "2373"]
[BlackElo "2560"]
[EventDate "2010.07.23"]

1. e4 d6 2. d4 Nf6 3. f3 g6 4. c4 Bg7 5. Nc3 O-O 6. Bg5 Nbd7 7. Nh3 a6 8.
Nf2 c6 9. Be2 b5 10. O-O Bb7 11. d5 bxc4 12. dxc6 Bxc6 13. Bxc4 Nb6 14. Bd3
h6 15. Bc1 Qc7 16. Qe2 Qb7 17. b3 Nh5 18. Qd2 Nd7 19. Bb2 Rfd8 20. Rfd1 Ne5
21. Be2 g5 22. Nd3 Ng6 23. Bf1 Qb6+ 24. Kh1 Nf6 25. Nf2 e6 26. Qd4 Qb7 27.
Qe3 d5 28. exd5 Nxd5 29. Nxd5 Bxb2 30. Rab1 Bg7 31. Nb6 Qa7 32. Ne4 Rab8
33. Nc4 Bd4 34. Qe1 Rd7 35. Na3 Rbd8 36. Nc2 Bg7 37. Rxd7 Rxd7 38. Rd1 Rxd1
39. Qxd1 Qa8 40. Nf2 Nh4 41. Ne1 a5 42. Nfd3 Nf5 43. Nc5 Bd4 44. Qc1 Bd5
45. Na4 Qb8 46. Nd3 Qd6 47. Qe1 Ba7 0-1

[Event "21st Czech GM Open"]
[Site "Pardubice CZE"]
[Date "2010.07.24"]
[Round "2"]
[White "Strunski,A"]
[Black "Kuljasevic,D"]
[Result "0-1"]
[WhiteElo "2365"]
[BlackElo "2551"]
[EventDate "2010.07.23"]

1. d4 Nf6 2. c4 e6 3. Nc3 Bb4 4. Qc2 Nc6 5. Nf3 d6 6. Bd2 O-O 7. a3 Bxc3 8.
Bxc3 Qe7 9. b4 e5 10. d5 Nb8 11. Nd2 Nh5 12. e3 f5 13. Bd3 a5 14. g4 axb4
15. axb4 Rxa1+ 16. Bxa1 fxg4 17. Bxh7+ Kh8 18. Ne4 Qh4 19. Bg6 Nd7 20. c5
Ndf6 21. cxd6 Nxe4 22. Bxe4 cxd6 23. O-O Bd7 24. Bg2 Bb5 25. Rc1 Nf6 26.
Bc3 Nh7 27. Be1 Qf6 28. Qd1 Qf5 29. e4 Qf4 30. Rc3 Ng5 31. Rg3 Bd7 32. Qe2
Ra8 33. h4 Nh7 34. Rc3 Ra1 35. Bf1 Nf6 36. Rc7 Bb5 37. Qxb5 Rxe1 38. Rc4 g3
39. Rc2 g2 0-1

[Event "21st Czech GM Open"]
[Site "Pardubice CZE"]
[Date "2010.07.24"]
[Round "2"]
[White "Polak,T"]
[Black "Nun,Ji"]
[Result "1-0"]
[WhiteElo "2544"]
[BlackElo "2362"]
[EventDate "2010.07.23"]

1. d4 d5 2. c4 e6 3. Nc3 c5 4. cxd5 cxd4 5. Qxd4 Nc6 6. Qd1 exd5 7. Qxd5
Bd7 8. Nf3 Nf6 9. Qd1 Bc5 10. e3 Qe7 11. Bd2 O-O-O 12. a3 Kb8 13. Qc2 Rhg8
14. Be2 g5 15. O-O-O Be6 16. Kb1 g4 17. Nh4 Rc8 18. Bc1 Rg5 19. Qa4 Bb6 20.
Bc4 Ra5 21. Qb3 Rh5 22. Bxe6 fxe6 23. g3 Na5 24. Qb4 Qf7 25. e4 Nc4 26. Rd3
Rhc5 27. Rhd1 Ba5 28. Qb3 a6 29. e5 Ne8 30. Rd7 Qxd7 31. Rxd7 Nb6 32. Rd1
Bxc3 33. Qxb6 Bxe5 34. Be3 R5c6 35. Qa7+ Kc7 36. Ng2 Nd6 37. Bf4 Bxf4 38.
Nxf4 Nc4 39. Nd3 Nb6 40. Nb4 1-0

[Event "21st Czech GM Open"]
[Site "Pardubice CZE"]
[Date "2010.07.24"]
[Round "2"]
[White "Krapivin,Vl"]
[Black "Jaracz,P"]
[Result "0-1"]
[WhiteElo "2362"]
[BlackElo "2541"]
[EventDate "2010.07.23"]

1. e4 e5 2. Nc3 Nf6 3. Nf3 Nc6 4. Bb5 Bd6 5. d3 a6 6. Ba4 h6 7. h3 b5 8.
Bb3 Bb7 9. a3 O-O 10. g4 Nh7 11. h4 Nd4 12. Ba2 Kh8 13. g5 f5 14. Nxd4 exd4
15. Nd5 Qe8 16. f3 Bg3+ 17. Ke2 Qh5 18. Bf4 fxe4 19. Bxg3 Bxd5 20. Rf1 Bxa2
21. Rxa2 Rxf3 22. Kd2 e3+ 23. Kc1 Rxf1 24. Qxf1 Rf8 25. Qe1 Qf3 26. b3 Qg2
27. Kb2 Rf1 0-1

[Event "21st Czech GM Open"]
[Site "Pardubice CZE"]
[Date "2010.07.24"]
[Round "2"]
[White "Raykhman,A"]
[Black "Simacek,P"]
[Result "1/2-1/2"]
[WhiteElo "2362"]
[BlackElo "2532"]
[EventDate "2010.07.23"]

1. d4 Nf6 2. c4 c5 3. d5 e6 4. Nc3 exd5 5. cxd5 d6 6. Nf3 g6 7. Bf4 a6 8.
a4 Bg7 9. h3 O-O 10. e3 Ne8 11. Be2 Nd7 12. O-O Rb8 13. Nd2 f5 14. Nc4 Ne5
15. Bxe5 dxe5 16. a5 Nd6 17. Na4 Nxc4 18. Bxc4 Qd6 19. Qb3 b5 20. axb6 Bd7
21. b7 Bb5 22. Bxb5 Rxb7 23. Qc4 axb5 24. Qxc5 Qb8 25. Nc3 b4 26. Na4 Rc8
27. Qa5 Rd8 28. Qa6 Rb5 29. Qe6+ Kh8 30. d6 Rxd6 31. Qc4 Rbd5 32. Rac1 e4
33. Qc8+ Qxc8 34. Rxc8+ Rd8 35. Rxd8+ Rxd8 36. Rc1 h5 37. Kf1 h4 38. Ke2
Kh7 39. Rc4 Bf8 40. f3 exf3+ 41. gxf3 g5 42. Rc7+ Kg6 43. Nc5 Bxc5 44. Rxc5
Ra8 45. Rc4 Ra1 46. Kf2 Rh1 47. Kg2 Re1 48. Rxb4 Rxe3 49. Rb6+ Kf7 50. Rb5
Kf6 51. Rb6+ Ke5 52. Rb5+ Kf4 53. Rb4+ Ke5 54. Rb5+ Kf4 1/2-1/2

[Event "21st Czech GM Open"]
[Site "Pardubice CZE"]
[Date "2010.07.24"]
[Round "2"]
[White "Panarin,M"]
[Black "Kuipers,S"]
[Result "1-0"]
[WhiteElo "2531"]
[BlackElo "2354"]
[EventDate "2010.07.23"]

1. e4 c5 2. Nf3 Nc6 3. d4 cxd4 4. Nxd4 Nf6 5. Nc3 e5 6. Ndb5 d6 7. Bg5 a6
8. Na3 b5 9. Nd5 Be7 10. Bxf6 Bxf6 11. c4 Nd4 12. cxb5 Bg5 13. b6 O-O 14.
Bc4 Bb7 15. O-O Rb8 16. Qd3 Bxd5 17. Bxd5 Qxb6 18. Nc4 Qc5 19. b3 g6 20.
Kh1 Kh8 21. Ne3 Qa7 22. Rad1 f5 23. exf5 gxf5 24. f4 Bxf4 25. Rxf4 exf4 26.
Nf1 Nb5 27. a4 Na3 28. Ra1 Qg7 29. Rxa3 Rb4 30. Qxa6 Qe5 31. Bf3 d5 32. Qe2
Re4 33. Bxe4 fxe4 34. b4 d4 35. Nd2 d3 36. Qxe4 Qxe4 37. Nxe4 Re8 38. Rxd3
Rxe4 39. Kg1 Rxb4 40. Ra3 1-0

[Event "21st Czech GM Open"]
[Site "Pardubice CZE"]
[Date "2010.07.24"]
[Round "2"]
[White "Nabaty,T"]
[Black "Lahiri,A"]
[Result "1/2-1/2"]
[WhiteElo "2523"]
[BlackElo "2353"]
[EventDate "2010.07.23"]

1. e4 e6 2. d4 d5 3. Nc3 Nf6 4. e5 Nfd7 5. f4 c5 6. Nf3 Nc6 7. Be3 Be7 8.
Qd2 O-O 9. Be2 a6 10. a3 cxd4 11. Nxd4 Bc5 12. O-O Nxd4 13. Bxd4 Bxd4+ 14.
Qxd4 Qb6 15. Qxb6 Nxb6 16. a4 a5 17. Bd3 Bd7 18. b3 Rac8 19. Ne2 f6 20. Nd4
fxe5 21. fxe5 Rce8 22. Rf3 Rxf3 23. gxf3 Rf8 24. Kf2 Rf4 25. Ne2 Rh4 26.
Kg3 Rb4 27. Nc1 g5 28. Ne2 Be8 29. Re1 Bh5 30. Kf2 Nd7 31. Bb5 Nf8 32. Rg1
h6 33. Nc1 Rh4 34. Kg3 Ng6 35. Nd3 Nf4 36. Nf2 Ng6 37. Nd3 Nf4 38. Nf2 Ng6
39. Nd3 1/2-1/2

[Event "21st Czech GM Open"]
[Site "Pardubice CZE"]
[Date "2010.07.24"]
[Round "2"]
[White "Sethuraman,S"]
[Black "Studnicka,Toma"]
[Result "1-0"]
[WhiteElo "2513"]
[BlackElo "2346"]
[EventDate "2010.07.23"]

1. d4 Nf6 2. c4 g6 3. Nc3 Bg7 4. e4 d6 5. h3 O-O 6. Nf3 e5 7. d5 c5 8. Be3
Na6 9. g4 Nc7 10. Bd3 Bd7 11. a3 Rb8 12. b4 b6 13. Nd2 Qc8 14. Rb1 Nfe8 15.
Qc2 Bf6 16. Ke2 Na6 17. Bh6 Bg7 18. Be3 Bf6 19. Nb5 Ra8 20. Qb2 Qd8 21. Nf3
Bg7 22. Rbg1 Qc8 23. Nd2 Bf6 24. Bh6 Bg7 25. Bxg7 Kxg7 26. Nxd6 Nxd6 27.
Qxe5+ Kg8 28. Qxd6 cxb4 29. e5 Rd8 30. Qf6 Nc5 31. axb4 Nxd3 32. Kxd3 b5
33. Ke3 bxc4 34. Ne4 Be8 35. Qe7 c3 36. Nf6+ Kg7 37. Nh5+ Kg8 38. Qf6 gxh5
39. gxh5+ Kf8 40. d6 Rxd6 41. Qxd6+ 1-0

[Event "21st Czech GM Open"]
[Site "Pardubice CZE"]
[Date "2010.07.24"]
[Round "2"]
[White "Morozov,D"]
[Black "Haba,P"]
[Result "1-0"]
[WhiteElo "2354"]
[BlackElo "2512"]
[EventDate "2010.07.23"]

1. e4 e6 2. d4 d5 3. Nc3 Bb4 4. e5 c5 5. a3 Bxc3+ 6. bxc3 Qc7 7. Qg4 f6 8.
Nf3 c4 9. Qg3 Qf7 10. Be2 Nc6 11. exf6 gxf6 12. Nh4 Nge7 13. O-O Rg8 14.
Qd6 Ng6 15. Bh5 Qe7 16. Qg3 Bd7 17. Re1 O-O-O 18. Nf5 exf5 19. Rxe7 Ncxe7
20. Qd6 Ba4 21. Qxf6 Rdf8 22. Qe6+ Bd7 23. Qd6 f4 24. Bd2 Nf5 25. Qc5+ Bc6
26. Bxg6 Nh4 27. Bxh7 Rxg2+ 28. Kh1 Rf7 29. Qd6 Rxf2 30. Rg1 Rxh2+ 31. Kxh2
Nf3+ 32. Kg2 Nxd2 33. Kf2 1-0

[Event "21st Czech GM Open"]
[Site "Pardubice CZE"]
[Date "2010.07.24"]
[Round "2"]
[White "Danin,A"]
[Black "Kantans,T"]
[Result "1-0"]
[WhiteElo "2509"]
[BlackElo "2343"]
[EventDate "2010.07.23"]

1. e4 c5 2. Nf3 Nf6 3. e5 Nd5 4. Nc3 e6 5. Nxd5 exd5 6. d4 Nc6 7. dxc5 Bxc5
8. Qxd5 d6 9. exd6 Qb6 10. Be3 Qxb2 11. Bb5 Bb4+ 12. Bd2 O-O 13. O-O Bxd2
14. Bxc6 bxc6 15. Qxd2 Rd8 16. Rfd1 Bg4 17. c4 Qxd2 18. Rxd2 c5 19. Ne5 Be6
20. Rb1 f6 21. Nc6 Rd7 22. Nb8 Rd8 23. d7 Kf7 24. Rb7 1-0

[Event "21st Czech GM Open"]
[Site "Pardubice CZE"]
[Date "2010.07.24"]
[Round "2"]
[White "Vrana,J"]
[Black "Maximov,D"]
[Result "1/2-1/2"]
[WhiteElo "2346"]
[BlackElo "2506"]
[EventDate "2010.07.23"]

1. e4 c5 2. Nf3 d6 3. d4 cxd4 4. Qxd4 a6 5. Be3 Nf6 6. Nc3 Nc6 7. Qd2 Bg4
8. O-O-O Rc8 9. h3 Bxf3 10. gxf3 b5 11. Nd5 Nxd5 12. exd5 Ne5 13. f4 Nc4
14. Bxc4 Rxc4 15. b3 Rc8 16. Bd4 Qd7 17. Qd3 f6 18. f5 Kf7 19. Rhg1 Rg8 20.
h4 g6 21. fxg6+ Rxg6 22. h5 Bh6+ 23. Be3 Bxe3+ 24. fxe3 Rh6 25. Qe4 Rxh5
26. Rh1 Qf5 27. Qxf5 Rxf5 28. Rxh7+ Ke8 29. Rh8+ 1/2-1/2

[Event "21st Czech GM Open"]
[Site "Pardubice CZE"]
[Date "2010.07.24"]
[Round "2"]
[White "Lerch,Pa"]
[Black "Lalith,B"]
[Result "1-0"]
[WhiteElo "2340"]
[BlackElo "2502"]
[EventDate "2010.07.23"]

1. e4 c6 2. Nc3 d5 3. d3 d4 4. Nce2 e5 5. f4 Bg4 6. fxe5 Nd7 7. Nf3 Bxf3 8.
gxf3 Nxe5 9. Bg2 Bb4+ 10. Bd2 Qg5 11. Ng3 Qe3+ 12. Ne2 Bxd2+ 13. Qxd2 Qxf3
14. Nxd4 Qg4 15. Nf5 Ne7 16. h3 Qg6 17. O-O-O Nxf5 18. exf5 Qxf5 19. d4
O-O-O 20. Rhf1 Qh5 21. Qc3 Qg6 22. Rg1 Nd7 23. d5 c5 24. d6 Qh6+ 25. Kb1
1-0

[Event "21st Czech GM Open"]
[Site "Pardubice CZE"]
[Date "2010.07.24"]
[Round "2"]
[White "Ortmann,D"]
[Black "Miron,L"]
[Result "1/2-1/2"]
[WhiteElo "2340"]
[BlackElo "2497"]
[EventDate "2010.07.23"]

1. Nf3 d5 2. d4 e6 3. c4 c6 4. e3 Nf6 5. Nbd2 Nbd7 6. Bd3 Bd6 7. O-O O-O 8.
e4 e5 9. cxd5 cxd5 10. exd5 exd4 11. Nc4 Bc5 12. a3 a5 13. Bg5 h6 14. Bh4
b5 15. Nxa5 Qxa5 16. b4 Bxb4 17. axb4 Qxa1 18. Qxa1 Rxa1 19. Rxa1 Nxd5 20.
Bxb5 N7f6 21. Nxd4 1/2-1/2

[Event "21st Czech GM Open"]
[Site "Pardubice CZE"]
[Date "2010.07.24"]
[Round "2"]
[White "Gavrilov,Al1"]
[Black "Grinev,V"]
[Result "0-1"]
[WhiteElo "2493"]
[BlackElo "2336"]
[EventDate "2010.07.23"]

1. d4 Nf6 2. c4 c5 3. d5 e6 4. Nc3 exd5 5. cxd5 d6 6. Nf3 g6 7. Bf4 a6 8.
a4 Bg7 9. h3 O-O 10. e3 Ne8 11. Be2 Nd7 12. O-O Qe7 13. Qd2 f5 14. Rfe1 h6
15. Bh2 g5 16. Qc2 g4 17. hxg4 fxg4 18. Nd2 Ne5 19. Nc4 Bf5 20. e4 Bd7 21.
Nb6 Rd8 22. Nd1 Qg5 23. Ra3 Nf3+ 24. gxf3 gxf3+ 25. Bg3 fxe2 26. Qxe2 Bg4
27. f3 Bd4+ 28. Kg2 Bh5 29. Rh1 Ng7 30. Nf2 Be5 31. Rh3 Bg6 32. Ng4 Nh5 33.
Bxe5 dxe5 34. Kh2 Nf4 35. Qf1 Nxh3 36. Qxh3 Rf4 37. Nc4 h5 38. Ncxe5 hxg4
39. Nxg4 Rxg4 40. fxg4 Qd2+ 41. Qg2 Qxg2+ 42. Kxg2 Bxe4+ 43. Kg3 Rxd5 44.
Kf4 Bd3 0-1

[Event "21st Czech GM Open"]
[Site "Pardubice CZE"]
[Date "2010.07.24"]
[Round "2"]
[White "Schuh,Di"]
[Black "Zilka,S"]
[Result "0-1"]
[WhiteElo "2336"]
[BlackElo "2493"]
[EventDate "2010.07.23"]

1. e4 c5 2. Nf3 e6 3. Nc3 Nc6 4. Bb5 Nge7 5. O-O a6 6. Bxc6 Nxc6 7. Re1 Qc7
8. d4 cxd4 9. Nxd4 Bd6 10. Nf5 Bxh2+ 11. Kh1 Be5 12. Nd5 Qd8 13. f4 Bb8 14.
Nxg7+ Kf8 15. Nh5 exd5 16. exd5 Qh4+ 17. Kg1 d6 18. Be3 Bg4 19. Qd2 Ne7 20.
Bd4 Bxh5 21. Bxh8 Nf5 22. c3 f6 0-1

[Event "21st Czech GM Open"]
[Site "Pardubice CZE"]
[Date "2010.07.24"]
[Round "2"]
[White "Vidit,S"]
[Black "Heidrich,Man"]
[Result "1-0"]
[WhiteElo "2492"]
[BlackElo "2329"]
[EventDate "2010.07.23"]

1. d4 f5 2. Nf3 Nf6 3. g3 g6 4. Bg2 Bg7 5. O-O O-O 6. b3 d6 7. Bb2 Qe8 8.
c4 e5 9. dxe5 Ng4 10. Nc3 Nxe5 11. Qd2 Nbc6 12. Nd5 Qd8 13. Rad1 Nxf3+ 14.
exf3 Be6 15. Bxg7 Kxg7 16. Qc3+ Kg8 17. f4 h6 18. Rfe1 Bxd5 19. cxd5 Ne7
20. Rc1 c5 21. dxc6 bxc6 22. Re6 Qd7 23. Rce1 Rf7 24. Qe3 Kf8 25. Qd4 1-0

[Event "21st Czech GM Open"]
[Site "Pardubice CZE"]
[Date "2010.07.24"]
[Round "2"]
[White "Rasik,V"]
[Black "Radovanovic,J"]
[Result "1/2-1/2"]
[WhiteElo "2491"]
[BlackElo "2329"]
[EventDate "2010.07.23"]

1. e4 e5 2. Nf3 Nc6 3. Bb5 Nf6 4. d3 d6 5. O-O g6 6. Re1 Bg7 7. d4 O-O 8.
c3 exd4 9. cxd4 Bg4 10. Bxc6 bxc6 11. Nbd2 Re8 12. Qc2 Qd7 13. h3 Bxh3 14.
gxh3 Qxh3 15. Qd3 Qg4+ 16. Kf1 Qh3+ 17. Kg1 Qg4+ 18. Kf1 Qh3+ 19. Kg1
1/2-1/2

[Event "21st Czech GM Open"]
[Site "Pardubice CZE"]
[Date "2010.07.24"]
[Round "2"]
[White "Adhiban,B"]
[Black "Pribyl,Jo"]
[Result "0-1"]
[WhiteElo "2483"]
[BlackElo "2325"]
[EventDate "2010.07.23"]

1. d4 Nf6 2. c4 g6 3. Nc3 d5 4. Bf4 Bg7 5. Nf3 c6 6. e3 O-O 7. h3 Be6 8.
Qb3 Qb6 9. c5 Qxb3 10. axb3 Nbd7 11. Bd3 h6 12. g4 Ne4 13. Rg1 g5 14. Bh2
f5 15. gxf5 Bxf5 16. Nxe4 dxe4 17. Bc4+ Kh8 18. Nxg5 hxg5 19. Rxg5 Bh7 20.
Ke2 Rf5 21. Rg2 Nf6 22. Be6 Rh5 23. Rag1 Bh6 24. Be5 Rf8 25. b4 a6 26. Rg3
Bf5 27. Bxf5 Rxf5 28. Rg4 Kh7 29. Rh4 Rf7 30. Rg2 Nd5 31. Rxe4 Rg5 32. Reg4
Rxg4 33. hxg4 Bg7 34. f4 Bxe5 35. dxe5 e6 36. Kf3 Nxb4 37. Ke4 Nd5 38. f5
Kh6 39. g5+ Kh5 40. f6 Kg6 41. Rg1 Rh7 42. Rf1 Rh8 43. Kd4 Rd8 44. Ke4 Rd7
45. Rh1 Rh7 46. Rf1 Nb4 47. f7 Rxf7 48. Rf6+ Rxf6 49. exf6 Kf7 50. Kd4 Nd5
51. Ke5 Nxe3 52. g6+ Kxg6 53. Kxe6 Nd5 54. f7 Kg7 55. Kd7 Kxf7 56. Kc8 Nb4
57. Kxb7 Ke6 58. Kb6 Kd5 59. Ka5 Kxc5 60. b3 Nc2 0-1

[Event "21st Czech GM Open"]
[Site "Pardubice CZE"]
[Date "2010.07.24"]
[Round "2"]
[White "Bakalarz,M"]
[Black "Michiels,B"]
[Result "1/2-1/2"]
[WhiteElo "2324"]
[BlackElo "2460"]
[EventDate "2010.07.23"]

1. e4 e6 2. d4 d5 3. Nc3 Nf6 4. Bg5 dxe4 5. Nxe4 Nbd7 6. Nxf6+ Nxf6 7. Nf3
h6 8. Bh4 c5 9. Bb5+ Bd7 10. Bxd7+ Qxd7 11. Bxf6 gxf6 12. dxc5 Qxd1+ 13.
Rxd1 Bxc5 14. Ke2 Ke7 15. Rd3 Rhg8 16. g3 Rad8 17. Rhd1 Rxd3 18. Rxd3 Bb6
19. Rb3 Rg4 20. Nd2 f5 21. f3 Ra4 22. a3 h5 23. c3 h4 24. f4 f6 25. c4 h3
26. c5 Bxc5 27. Rxb7+ Kf8 28. Kd3 Kg8 29. Rc7 Bg1 30. Nf3 Bb6 31. Rc4 Ra5
32. Ke2 Kf7 33. Rc1 Ra4 34. Nd2 Bd4 35. Nc4 e5 36. Kd3 Ke6 37. b3 Ra6 38.
Rf1 Rc6 39. Kd2 Rc7 40. Kd3 Rd7 41. Ke2 Bc5 42. Rc1 e4 43. b4 Bd4 44. a4
Rc7 45. Rc2 Rc6 46. b5 Rc5 47. Na3 Rxc2+ 48. Nxc2 Bc5 49. a5 Kd5 50. Kd2
Kc4 51. b6 axb6 52. a6 b5 53. Ne3+ Kb4 54. Nxf5 Ka5 55. g4 Kxa6 56. g5 fxg5
57. fxg5 b4 58. g6 Bf8 59. Nd6 Bh6+ 60. Ke2 b3 61. Nxe4 b2 62. Nc3 Ka5 63.
Kd3 Bg7 64. Nb1 Kb4 65. Kc2 Kc4 66. Nd2+ Kd5 67. Nf3 Ke4 68. Ng5+ Kf5 69.
Nxh3 Kxg6 70. Nf4+ Kf5 71. Nd3 Kg4 72. Nxb2 Bxb2 73. Kxb2 Kh3 74. Kc3 Kxh2
1/2-1/2

[Event "21st Czech GM Open"]
[Site "Pardubice CZE"]
[Date "2010.07.24"]
[Round "2"]
[White "Pileckis,E"]
[Black "Kratochvil,Jo"]
[Result "1-0"]
[WhiteElo "2438"]
[BlackElo "2289"]
[EventDate "2010.07.23"]

1. Nf3 Nf6 2. c4 c5 3. d4 cxd4 4. Nxd4 b6 5. f3 Bb7 6. e4 d6 7. Be3 e6 8.
Nc3 Be7 9. Be2 O-O 10. O-O a6 11. Qd2 Nbd7 12. Rfd1 Rc8 13. Rac1 Qc7 14.
Kh1 Qb8 15. Qe1 Rfe8 16. Qg1 Kh8 17. b4 d5 18. exd5 exd5 19. Nxd5 Nxd5 20.
cxd5 Rxc1 21. Rxc1 Bxd5 22. a3 b5 23. Nc6 Qd6 24. Nxe7 Qxe7 25. Bf1 h6 26.
Bd2 Qf6 27. Bc3 Qf4 28. Rd1 Be6 29. Qf2 Rc8 30. Qb2 f6 31. Bd3 Ne5 32. Bxe5
Qxe5 33. Qxe5 fxe5 34. h4 Rd8 35. Bc2 Rxd1+ 36. Bxd1 Kg8 37. Bc2 Bd5 38.
Kg1 Kf7 39. Kf2 g5 40. hxg5 hxg5 41. Ke3 Bb7 42. Be4 Bc8 43. Bd5+ Kf6 44.
Ke4 Bf5+ 45. Ke3 Bc8 46. Bc6 Kf5 47. g3 Kf6 48. Ke4 Ke6 49. Bd5+ Kd6 50.
Ba8 Ke6 51. Bc6 Kd6 52. Bd5 Bd7 53. Bb7 Kc7 54. Bxa6 Kb6 55. Bxb5 Kxb5 56.
Kxe5 Bc6 57. f4 gxf4 58. gxf4 Be8 59. f5 Ka4 60. f6 1-0

[Event "21st Czech GM Open"]
[Site "Pardubice CZE"]
[Date "2010.07.24"]
[Round "2"]
[White "Cerveny,M"]
[Black "Berger,Stev"]
[Result "0-1"]
[WhiteElo "2318"]
[BlackElo "2432"]
[EventDate "2010.07.23"]

1. d4 e6 2. c4 Nf6 3. Nf3 d5 4. Nc3 Bb4 5. cxd5 exd5 6. Qa4+ Nc6 7. Bg5 h6
8. Bxf6 Qxf6 9. e3 O-O 10. Rc1 Qd6 11. a3 Ba5 12. Bb5 Bxc3+ 13. Rxc3 Ne7
14. O-O c6 15. Be2 Bg4 16. b4 a6 17. Rfc1 Nc8 18. Qb3 Qf6 19. a4 Nd6 20. b5
axb5 21. axb5 Bxf3 22. gxf3 Qg5+ 23. Kh1 Nxb5 24. Bxb5 cxb5 25. Rc5 Rfd8
26. Qxb5 Qf5 27. Qe2 Rd6 28. f4 Qe4+ 29. f3 Qf5 30. Qc2 Qh5 31. Rc8+ Rd8
32. Rxd8+ Rxd8 33. Qg2 Re8 34. e4 Qh4 35. Rg1 g6 36. f5 g5 37. Qe2 Qf4 38.
e5 Qxf5 39. Rc1 Qf4 40. Rd1 Re6 41. Kg2 Kg7 42. h3 h5 43. Qd2 Rb6 44. Qxf4
gxf4 45. Rc1 Rb4 46. Rc7 Kf8 47. Rd7 Rxd4 48. Rxb7 Rd2+ 49. Kf1 Rd3 50. Kf2
Re3 51. Rb4 Rxe5 52. Rxf4 Ke7 53. Ra4 Kf6 54. Ra7 Re7 55. Ra6+ Re6 56. Ra7
Rd6 57. Ke3 Ke6 58. Kd4 Rc6 59. Kd3 Rc4 60. Ra6+ Ke5 61. Ke3 Rc3+ 62. Ke2
f5 63. Rh6 Kf4 64. Rxh5 Re3+ 65. Kf2 Rxf3+ 66. Kg2 Ra3 67. Rh8 Ra2+ 68. Kf1
Kf3 69. Ke1 Re2+ 70. Kd1 f4 71. h4 Rh2 72. h5 Ke3 73. h6 f3 74. Re8+ Kd3
75. Ke1 Rxh6 76. Kf2 d4 77. Rf8 Kc2 78. Kxf3 d3 79. Rc8+ Kd1 80. Rd8 d2 81.
Ke3 Ke1 0-1

[Event "21st Czech GM Open"]
[Site "Pardubice CZE"]
[Date "2010.07.24"]
[Round "2"]
[White "Haimovich,T"]
[Black "Tomazini,Z"]
[Result "1/2-1/2"]
[WhiteElo "2427"]
[BlackElo "2188"]
[EventDate "2010.07.23"]

1. e4 e5 2. Nf3 Nc6 3. d4 exd4 4. Nxd4 Bc5 5. Nxc6 Qf6 6. Qd2 dxc6 7. Bd3
Be6 8. Nc3 O-O-O 9. Qf4 Bd4 10. Qxf6 Nxf6 11. Ne2 Bb6 12. O-O Bg4 13. Ng3
Rhe8 14. h3 Be6 15. Re1 Ba5 16. Rd1 c5 17. Be3 c4 18. Bf1 Nd7 19. Nh5 Rg8
20. Nf4 c3 21. b3 Rge8 22. Rd3 Ne5 23. Rxd8+ Rxd8 24. Nxe6 fxe6 25. Be2 Bb6
26. Bxb6 cxb6 27. Rd1 Rxd1+ 28. Bxd1 Nc6 29. f4 e5 30. f5 Kd7 31. Kf2 b5
32. a3 a5 33. Ke3 b4 34. a4 Kd6 35. g4 h6 36. h4 Nb8 37. Be2 Nd7 38. g5
hxg5 39. hxg5 Nc5 40. Bc4 Ke7 41. Bd5 Kf8 42. Kf3 b6 43. Kg4 Nd3 44. Kh5
Nf4+ 45. Kg4 Nd3 1/2-1/2

[Event "21st Czech GM Open"]
[Site "Pardubice CZE"]
[Date "2010.07.24"]
[Round "2"]
[White "Otte,Marco"]
[Black "Potapov,Alexa1"]
[Result "0-1"]
[WhiteElo "2258"]
[BlackElo "2426"]
[EventDate "2010.07.23"]

1. d4 Nf6 2. c4 c5 3. Nf3 cxd4 4. Nxd4 e5 5. Nb5 d5 6. cxd5 Bc5 7. d6 Na6
8. N1c3 O-O 9. e3 Be6 10. a3 Rc8 11. Bd2 Bxd6 12. Nxa7 Ra8 13. Nab5 Bb8 14.
Be2 Nc5 15. b4 Nd3+ 16. Bxd3 Qxd3 17. Qe2 Qg6 18. f3 Rc8 19. e4 Bc4 20. Qf2
Ne8 21. a4 Nd6 22. Na3 Ba7 23. Qg3 Qe6 24. Nxc4 Nxc4 25. Nd5 Bd4 26. Rc1
Rxa4 27. Bg5 Kh8 28. Qh4 Ra2 29. Rf1 Rxg2 30. Nf6 gxf6 31. Bxf6+ Kg8 32. f4
Ne3 0-1

[Event "21st Czech GM Open"]
[Site "Pardubice CZE"]
[Date "2010.07.24"]
[Round "2"]
[White "Savitskiy,S"]
[Black "Rojicek,V"]
[Result "0-1"]
[WhiteElo "2245"]
[BlackElo "2423"]
[EventDate "2010.07.23"]

1. e4 e5 2. Nc3 Nf6 3. g3 d5 4. exd5 Nxd5 5. Bg2 Nxc3 6. bxc3 Bd6 7. Ne2
O-O 8. O-O Nd7 9. d3 c6 10. a4 Nf6 11. a5 a6 12. c4 Re8 13. Bb2 Bf5 14. h3
Bc7 15. f4 e4 16. Nd4 Bg6 17. Bc3 h5 18. Qd2 exd3 19. cxd3 c5 20. Nb3 Qxd3
21. Qxd3 Bxd3 22. Rfe1 Ne4 23. Bxe4 Bxe4 24. Nxc5 Bc6 25. Kf2 h4 26. Be5
hxg3+ 27. Kxg3 Bxe5 28. Rxe5 Rxe5 29. fxe5 Rd8 30. Rb1 Rd4 31. Nxb7 Rxc4
32. Nd6 Rc3+ 33. Kg4 Bf3+ 34. Kf4 Bd5 35. Rb6 Rxh3 36. Rxa6 Rf3+ 37. Kg4
Ra3 38. Ra7 Ra4+ 39. Kg3 g5 40. Ne8 Be6 41. Ra8 Ra3+ 42. Kf2 Kh7 43. a6 g4
44. a7 g3+ 45. Kg1 Ra1+ 0-1

[Event "21st Czech GM Open"]
[Site "Pardubice CZE"]
[Date "2010.07.24"]
[Round "2"]
[White "Dauletova,G"]
[Black "Cifka,S"]
[Result "0-1"]
[WhiteElo "2226"]
[BlackElo "2420"]
[EventDate "2010.07.23"]

1. b3 d5 2. Bb2 Bg4 3. h3 Bh5 4. g3 Nc6 5. Bg2 e5 6. d3 Nf6 7. Nd2 Be7 8.
a3 O-O 9. b4 a6 10. c4 Qd7 11. cxd5 Nxd5 12. Ngf3 Rfe8 13. O-O Bf8 14. Re1
Rad8 15. Rc1 f6 16. Kh2 a5 17. b5 Na7 18. a4 c6 19. bxc6 Nxc6 20. Nc4 Ndb4
21. Qb3 Bf7 22. Nfd2 Nd4 23. Qd1 b5 24. Nxa5 bxa4 25. Bxd4 Qxd4 26. Rf1 a3
27. Qa4 Qb2 28. Rfd1 a2 29. Nc6 Nxc6 30. Bxc6 Re7 31. Bb5 Qd4 32. Qxd4 exd4
33. Re1 Ra7 34. Nc4 Bb4 35. Red1 Bc3 36. Ra1 Bxa1 37. Rxa1 Rb8 38. Nd6 Rb6
39. Nxf7 Rxb5 0-1